000 02064cam a22002054a 4500
005 20250605163535.0
008 250528s ||||||||||||||||||||||||d
035 _a21381
020 _a9789602185766
040 _aGR-AtMCL
_bgre
_dGR-AtMCL
_eAACR2
245 1 _aΔιοίκηση Ανθρώπινου Δυναμικού στις Σύγχρονες Οργανώσεις / Νέες Τάσεις και Πρακτικές
250 _a
260 _bΚριτική - Επιστημονική Βιβλιοθήκη,
_c2008
300 _a308
520 _aΤο βιβλίο αυτό φιλοδοξεί να αποτελέσει μια πυξίδα στην πορεία που ακολουθεί η Διοίκηση Ανθρώπινου Δυναμικού τον 21ο Αιώνα. Πρόλογος, Ευχαριστίες, Επιχειρήσεις και Εργαζόμενοι και Κοινωνία, Οι Επιχειρήσεις ως Κοινωνικοί Θεσμοί στη Σύγχρονη Εποχή, Ιστορική Εξελιξη του Ρόλου των Εργαζομένων στις Επιχειρήσεις, Ιστορική Ανασκόπηση του Ρόλου της Διοίκησης Ανθρώπινου Δυναμικού, Το Διανοητικό Κεφάλαιο των Οργανισμών, Προσέλκυση και Διαχείριση Ταλέντων, Το Συναισθηματικό Κεφάλαιο των Οργανισμών, Ο Ρόλος των Συναισθημάτων στην Εργασιακή Ζωή, Το Εργασιακό Στρες και το Σύνδρομο Ψυχοσωματικής Εξουθένωσης, Η Βία στον Εργασιακό Χώρο, Το Κοινωνικό Κεφάλαιο των Οργανισμών, Η Οργανωσιακή Κουλτούρα, Η Σκοτεινή Πλευρά του Κοινωνικού Κεφαλαίου, Επίλογος, Βιβλιογραφία.
700 1 _aΙορδάνογλου Δήμητρα
942 _cBK
999 _c6444
_d6444